000 00705nam a22002177a 4500
005 20251108172524.0
008 250721s1995 xx 000 0 ara d
082 1 4 _a414/علي
100 1 _aعلي، فيصل حسين طحيمر
245 1 0 _aبلاغة الميسرة في المعاني و البيان و البديع /
264 1 _aعمان :
_bمكتبة دار الثقافة للنشر،
_c[1995].
300 _a269ص.
650 1 7 _aالبلاغة
650 1 7 _aالبيان
650 1 7 _aالأسلوب الأدبي
650 1 7 _aالإعجازالبلاغي
650 1 7 _aالمهارات الخطابية
650 1 7 _aقواعد اللغة
942 _2ddc
_cBK
999 _c81530
_d81530